|
|
|
|
| LEADER |
00981nam a2200253 a 4500 |
| 001 |
13620026 |
| 008 |
110928s2005 ohua b 001 0 eng d |
| 010 |
|
|
|a 2004108632
|
| 020 |
|
|
|a 1592601634
|
| 020 |
|
|
|a 1592601456
|
| 040 |
|
|
|a COA
|c COA
|d BAKER
|d DLC
|d BD-DhAAL
|
| 042 |
|
|
|a lccopycat
|
| 082 |
0 |
0 |
|a 001.42
|2 22
|
| 100 |
1 |
|
|a Donnelly, James P.
|
| 245 |
1 |
0 |
|a Research methods :
|b the concise knowledge base workbook /
|c James P. Donnelly, William M.K. Trochim
|
| 260 |
|
|
|a Cincinnati, Ohio :
|b Atomic Dog Pub.,
|c c2005.
|
| 300 |
|
|
|a x, 279 p. :
|b ill. ;
|c 28 cm.
|
| 504 |
|
|
|a Includes bibliographical references (p. 263-264) and index.
|
| 541 |
|
|
|e 00023628
|
| 650 |
|
0 |
|a Research
|x Methodology.
|
| 700 |
1 |
|
|a Trochim, William M. K.
|
| 852 |
1 |
|
|a Ayesha Abed Library
|c General shelf.
|
| 999 |
|
|
|c 11272
|d 11272
|
| 952 |
|
|
|0 0
|1 0
|2 ddc
|4 0
|6 001_420000000000000_DON
|7 0
|9 18264
|a BRACUL
|b BRACUL
|c GEN
|d 2011-09-29
|e IED, BU
|l 16
|m 84
|o 001.42 DON
|p 3010023628
|r 2020-01-16
|s 2019-10-15
|t 1
|w 2011-09-29
|y BK
|